| Tag |
First Indicator |
Second Indicator |
Subfields |
| LEADER |
00000cam a2200000 4500 |
| 001 |
in00000055272 |
| 005 |
20151008052212.0 |
| 008 |
720414s1959 mdu d 00000 eng u |
| 010 |
|
|
|a 59015426
|
| 035 |
|
|
|a (OCoLC)00284151
|
| 035 |
|
|
|9 AAH2196AM
|
| 040 |
|
|
|c CIN
|d TXA
|d UtOrBLW
|
| 049 |
|
|
|a TXAM
|c [310499]
|
| 050 |
|
0 |
|a HE967
|b .M8y
|
| 090 |
|
|
|a KF1135.A68
|b M85 1959
|
| 092 |
|
|
|a 368.22
|b M959m, 1959
|
| 100 |
1 |
|
|a Mullins, Hugh A.,
|d 1886-
|
| 245 |
1 |
0 |
|a Marine insurance digest. :
|b With an analysis of the American Institute Time (Hulls) form of policy /
|c by Leslie J. Buglass.
|
| 264 |
|
1 |
|a Cambridge, Md. :
|b Cornell Maritime Press,
|c 1959.
|
| 300 |
|
|
|a 304 pages ;
|c 23cm.
|
| 336 |
|
|
|a text
|b txt
|2 rdacontent
|
| 337 |
|
|
|a unmediated
|b n
|2 rdamedia
|
| 338 |
|
|
|a volume
|b nc
|2 rdacarrier
|
| 650 |
|
0 |
|a Marine insurance
|z United States
|x Dictionaries.
|
| 999 |
|
|
|a MARS
|
| 999 |
f |
f |
|s ed900b9e-7782-393a-ba87-da91cc1815ae
|i 08f307c4-883f-35fd-af62-e18e0bd35948
|t 0
|
| 952 |
f |
f |
|p ric
|a Texas A&M University
|b Rellis Campus
|c Joint Library Facility
|d Remote Storage
|t 0
|e KF1135.A68 M85 1959
|h Library of Congress classification
|i unmediated -- volume
|m A14800816084
|
| 998 |
f |
f |
|a KF1135.A68 M85 1959
|t 0
|l Remote Storage
|